Catálogo
 En Linea

Ensayos criticos / (Registro nro. 43501)

Detalles MARC
000 -CABECERA
campo de control de longitud fija 00735nam a2200217 a 4500
001 - NÚMERO DE CONTROL
campo de control 000044012
005 - FECHA Y HORA DE LA ÚLTIMA TRANSACCIÓN
campo de control 20201002045107.0
008 - DATOS DE LONGITUD FIJA--INFORMACIÓN GENERAL
campo de control de longitud fija 140513s1967 sp 000 e spa d
040 ## - FUENTE DE LA CATALOGACIÓN
Centro catalogador/agencia de origen DO-SdBNP
Lengua de catalogación spa
Centro/agencia transcriptor BNPHU
041 17 - CÓDIGO DE LENGUA
Código de lengua del texto/banda sonora o título independiente spa
Código de lengua original eng
082 ## - NÚMERO DE LA CLASIFICACIÓN DECIMAL DEWEY
Número de clasificación xxxx
Número de documento/Ítem xxxx
100 1# - ENTRADA PRINCIPAL--NOMBRE DE PERSONA
Nombre de persona Barthes, Roland,
Fechas asociadas al nombre 1915-1980.
9 (RLIN) 71984
240 10 - TÍTULO UNIFORME
Título uniforme Essais critiques
Lenguaje de la obra Español
245 10 - MENCIÓN DE TÍTULO
Título Ensayos criticos /
Mención de responsabilidad, etc. Roland Barthes ; traducción de Carlos Pujol.
260 ## - PUBLICACIÓN, DISTRIBUCIÓN, ETC.
Lugar de publicación, distribución, etc. Barcelona
-- Seix Barral,
Fecha de publicación, distribución, etc. 1967.
300 ## - DESCRIPCIÓN FÍSICA
Extensión 330 p. ;
Dimensiones 18 cm.
490 1# - MENCIÓN DE SERIE
Mención de serie Biblioteca Breve
-- ensayo
Designación de volumen o secuencia 261
500 ## - NOTA GENERAL
Nota general Incluye datos biográficos del autor en la solapa de la contracubierta
700 12 - PUNTO DE ACCESO ADICIONAL--NOMBRE DE PERSONA
Nombre de persona Pujol, Carlos
Término indicativo de función/relación tr.
9 (RLIN) 45462
830 #0 - PUNTO DE ACCESO ADICIONAL DE SERIE-TÍTULO UNIFORME
Título uniforme Biblioteca Breve
Nombre de parte o sección de la obra Ensayo ;
Número de parte o sección de la obra 261
9 (RLIN) 71985
Existencias
Estado de retiro Estado de pérdida Restricciones de uso No para préstamo Código de colección Localización permanente Ubicación/localización actual Ubicación en estantería Fecha de adquisición Número de inventario Total de préstamos Signatura topográfica completa Código de barras Fecha visto por última vez Precio válido a partir de Tipo de ítem Koha
      Excluido de préstamo Monografías: Libros y Folletos General General En catalogación 13.05.2014 LF1   xxxx xxxx 44012-10 25.06.2020 25.06.2020 No se presta

Con tecnología Koha